000 00379nmm a2200145 a 4500
003 AR-BaBNM
005 20251128203058.0
008 043119s1882 ||||||||||||||000 | spa||
040 _cAR-BaBNM
100 1 _aPaz, Ezequiel N.
245 1 0 _aCompte-rendu de l'exposition continentale de la Republique Argentine
260 _a[S.l.]
_bLa Pampa
_c1882
942 _cBK
998 _cRhizi
999 _c1783
_d1783